The development of Latin American private enterprise, (Record no. 3533)
[ view plain ]
| 000 -LEADER | |
|---|---|
| fixed length control field | 01039nam a22002892a 4500 |
| 001 - CONTROL NUMBER | |
| control field | 3533 |
| 003 - CONTROL NUMBER IDENTIFIER | |
| rucl marc code | BD-RjUL |
| 005 - DATE AND TIME OF LATEST TRANSACTION | |
| control field | 20211208233740.0 |
| 008 - FIXED-LENGTH DATA ELEMENTS--GENERAL INFORMATION | |
| fixed length control field | 131219s1964 dcua b 000 0 eng d |
| 035 ## - SYSTEM CONTROL NUMBER | |
| System control number | (BD-RjUL)3567 |
| -- | OCLC ocm01444651 from D950330M |
| 040 ## - CATALOGING SOURCE | |
| Original cataloging agency | DLC |
| Transcribing agency | JPL |
| Modifying agency | SER |
| -- | IXA |
| -- | EQO |
| -- | BD-RjUL |
| Language of cataloging | eng |
| 041 ## - LANGUAGE CODE | |
| Language code of text/sound track or separate title | eng |
| 051 ## - LIBRARY OF CONGRESS COPY, ISSUE, OFFPRINT STATEMENT | |
| Classification number | HG4098 |
| Item number | .B7 |
| Copy information | Copy 2 |
| 082 ## - DEWEY DECIMAL CLASSIFICATION NUMBER | |
| Classification number | 338.098 |
| Author mark and year | BRD 1964 |
| 100 1# - MAIN ENTRY--PERSONAL NAME | |
| Personal name | Brandenburg, Frank Ralph, |
| Dates associated with a name | 1926- |
| 9 (RLIN) | 11141 |
| 245 14 - TITLE STATEMENT | |
| Title | The development of Latin American private enterprise, |
| Remainder of title | a report / |
| Statement of responsibility, etc. | by Frank Brandenburg. With an introd. by Theodore Geiger |
| 260 ## - PUBLICATION, DISTRIBUTION, ETC. (IMPRINT) | |
| Place of publication, distribution, etc. | Washington : |
| Name of publisher, distributor, etc. | National Planning Association, |
| Date of publication, distribution, etc. | 1964. |
| 300 ## - PHYSICAL DESCRIPTION | |
| Pagination | xii, 136 p. |
| Illustrations | illus. : |
| Size | 23 cm. |
| 504 ## - BIBLIOGRAPHY, ETC. NOTE | |
| Bibliography, etc | Bibliographical footnotes. |
| 650 #0 - SUBJECT ADDED ENTRY--TOPICAL TERM | |
| Topical term or geographic name as entry element | Capital investments |
| Geographic subdivision | Latin America |
| 9 (RLIN) | 11142 |
| Topical term or geographic name as entry element | Investments, Foreign |
| Geographic subdivision | Latin America. |
| 9 (RLIN) | 11143 |
| 710 2# - ADDED ENTRY--CORPORATE NAME | |
| Corporate name or jurisdiction name as entry element | National Planning Association. |
| 9 (RLIN) | 11145 |
| 830 #0 - SERIES ADDED ENTRY--UNIFORM TITLE | |
| Volume number/sequential designation | no. 121 |
| 830 #0 - SERIES ADDED ENTRY--UNIFORM TITLE | |
| Uniform title | Planning pamphlets ; |
| 942 ## - ADDED ENTRY ELEMENTS (KOHA) | |
| Source of classification or shelving scheme | Dewey Decimal Classification |
| Koha item type | Books |
| Lost status | Source of classification or shelving scheme | Damaged status | Not for loan | Collection code | Permanent Location | Current Location | Shelving location | Date acquired | Source of acquisition | Cost, normal purchase price | Total Checkouts | Full call number | Date last seen | Copy number | Koha item type |
|---|---|---|---|---|---|---|---|---|---|---|---|---|---|---|---|
| Dewey Decimal Classification | Not For Loan | Non-fiction | Central Library, University of Rajshahi | Central Library, University of Rajshahi | Reading Room | 19/07/1971 | Zeitlinger | 25.00 | 338.098 BRD 1964 | 19/12/2013 | C-1 | Books |